| 000 | 00694nam a22001577a 4500 | ||
|---|---|---|---|
| 003 | OSt | ||
| 005 | 20150922140015.0 | ||
| 008 | 150922b xxu||||| |||| 00| 0 eng d | ||
| 040 | _cRUA | ||
| 082 | _aAGR HEN 2006 B034 Or.1 | ||
| 100 |
_91106 _aHENG, SEYHA. |
||
| 245 | _aEffect of different fertilizer on rice yield of ir 66 variety in mokkampoul district, kandal province ឥទ្ធិពលជីផ្សេងគ្នាទៅលើទិន្នផលពូជស្រូវ អ៊ីអ៊ែ ៦៦ នោក្នុងស្រុកមុខកំពូល ខេត្តកណ្តាល | ||
| 260 |
_aPhnom Penh _bRUA _c2006 |
||
| 300 |
_a54p. _bill. _c29cm. |
||
| 942 |
_2ddc _cAGR |
||
| 999 |
_c1060 _d1060 |
||